000 00471nam a2200181Ia 4500
008 090123s9999 xx 000 0 und d
082 _b4013
_a891.464/भावे
100 _aभावे पु. भा.
245 _aस्मरणी
250 _a1
260 _c1975
300 _a145
600 _aभावे पु. भा.
630 _aस्मरणी
700 _aभावे पु. भा.
730 _aस्मरणी
942 _cBOOK
999 _c42090
_d42090